[Event "Barcelona La Lira op 38th"]
[Site "Barcelona"]
[Date "2020.01.17"]
[Round "1"]
[White "Fernandez Gonzalez, Jose"]
[Black "Romero Perera, Eugeni"]
[Result "0-1"]
[WhiteElo "1575"]
[BlackElo "1965"]
[PlyCount "54"]
[EventDate "2020.01.17"]
[EventType "swiss"]
[EventRounds "8"]
[EventCountry "ESP"]
[SourceTitle "CBM 195 Extra"]
[Source "ChessBase"]
[SourceDate "2020.05.31"]
[SourceVersion "1"]
[SourceVersionDate "2020.05.31"]
[SourceQuality "1"]

1. Nf3 d5 2. d4 Bf5 3. Bf4 Nf6 4. h3 e6 5. e3 Bd6 6. Bxd6 Qxd6 7. Bd3 Ne4 8. c3 0-0 9. 0-0 Nd7 10. Nh4 Ndf6 11. Nxf5 exf5 12. Nd2 a5 13. c4 Qb4 14. Bxe4 dxe4 15. Qc2 Rfe8 16. a3 Qe7 17. Rfe1 Nd7 18. b4 g6 19. b5 a4 20. Qc3 b6 21. Qb4 Qf6 22. Nb1 Nc5 23. Re2 Nb3 24. Nc3 Nxa1 25. Nd5 Qd8 26. Nc3 Qd6 27. Nd5 Re6 0-1